| 000 | 00787nam a2200217Ii 4500 | ||
|---|---|---|---|
| 003 | JO-AjNU | ||
| 008 | 230605s9999||||xx |||||||||||||| ||und|| | ||
| 017 | _a1990/2/110 | ||
| 040 |
_aJO-AjNU _bara _erda _cJO-AjNU |
||
| 041 | _aara | ||
| 050 | 1 | 4 | _aHA29 .A9954 1990 |
| 100 | 3 |
_aتاليف صبري، عزام ، م.مشارك علي ابو شرار, _eauthor _952899 |
|
| 245 | 0 | 0 | _aعلم الاحصاء: نظريات وتطبيقات |
| 250 | _aط1 | ||
| 264 | 3 | 1 | _aعمان: دار صفاء للنشر والتوزيع، 1990 |
| 300 |
_a230ص _bيحتوي على جداول ببلوغرافية من 228-230ص |
||
| 336 |
_atext _btxt _2rdacontent |
||
| 337 |
_aunmediated _bn _2rdamedia |
||
| 338 |
_avolume _bnc _2rdacarrier |
||
| 650 | 4 |
_aالاحصاء الرياضي _952900 |
|
| 999 |
_aA23460 _c27028 _d27028 |
||